000 00462nam a2200181Ia 4500
005 20260429112225.0
008 260429s9999||||xx |||||||||||||| ||und||
020 _a9788184115284
041 _aEnglish
082 _a539.7
_bSIN
100 _aSingh, Deepak
245 0 _aNuclear physics /
_cDeepak Singh
260 _aNew Delhi :
_bSonali Publications,
_c2025.
300 _avi, 248 p.; hb
650 _a Nuclear physics
650 _aPhysics
942 _cTB
999 _c52979
_d52979